000 00603nam a2200253Ia 4500
005 20260121155136.0
008 008 260114s9999 xx 000 0 eng d
020 _a9780429451454
037 _aEBOOK
040 _aCRL
040 _beng
040 _cCRL
041 _2eng
041 _aeng
084 _qCRL
100 _a David E. Elkins, SOC
_91015876
245 4 _aThe Camera Assistant's Manual
260 _bTaylor and Francis
260 _c2020
856 _uhttp://www.taylorfrancis.com/books/9780429451454
942 _cEBOOK
999 _c1582695
_d1582695